Sổ tay danh nhân thế giới : Chính trị, quân sự, khoa học kỹ thuật, kinh tế, học thuật, tư tưởng, văn học nghệ thuật
Giới thiệu hơn 400 danh nhân thế giới có ảnh hưởng rộng trong các lĩnh vực chính trị, quân sự, kinh tế, Khoa học kỹ thuật, văn học, nghệ thuật, tư tưởng, học thuật
Spremljeno u:
| Glavni autor: | |
|---|---|
| Format: | Knjiga |
| Jezik: | Undetermined |
| Izdano: |
Hà Nội
Phụ nữ
2008
|
| Teme: | |
| Oznake: |
Dodaj oznaku
Bez oznaka, Budi prvi tko označuje ovaj zapis!
|
| Thư viện lưu trữ: | Trung tâm Học liệu Trường Đại học Cần Thơ |
|---|
| LEADER | 01014nam a2200229Ia 4500 | ||
|---|---|---|---|
| 001 | CTU_133292 | ||
| 008 | 210402s9999 xx 000 0 und d | ||
| 020 | |c 65000 | ||
| 082 | |a 920.02 | ||
| 082 | |b T527 | ||
| 100 | |a Vũ, Bội Tuyền | ||
| 245 | 0 | |a Sổ tay danh nhân thế giới : | |
| 245 | 0 | |b Chính trị, quân sự, khoa học kỹ thuật, kinh tế, học thuật, tư tưởng, văn học nghệ thuật | |
| 245 | 0 | |c Vũ Bội Tuyền chủ biên | |
| 260 | |a Hà Nội | ||
| 260 | |b Phụ nữ | ||
| 260 | |c 2008 | ||
| 520 | |a Giới thiệu hơn 400 danh nhân thế giới có ảnh hưởng rộng trong các lĩnh vực chính trị, quân sự, kinh tế, Khoa học kỹ thuật, văn học, nghệ thuật, tư tưởng, học thuật | ||
| 650 | |a Celebrities,Danh nhân | ||
| 650 | |x Biography,Tiểu sử | ||
| 904 | |i Trọng Hải | ||
| 980 | |a Trung tâm Học liệu Trường Đại học Cần Thơ | ||